000 00735nam a2200205Ii 4500
003 JO-AjNU
008 230605s9999||||xx |||||||||||||| ||und||
040 _aJO-AjNU
_bara
_erda
_cJO-AjNU
041 _aara
050 1 4 _aK3242.H3788.1993
100 3 _aهرجه ، مصطفى مجدي ,
_eauthor
_915584
245 0 0 _aالشفعة في ضوء أحداث الآراء وأحكام النقض والصيغ القانونية
250 _aط2
264 3 1 _aالاسكندرية : دار المطبوعات الجامعية ، 1993
300 _a241ص
336 _atext
_btxt
_2rdacontent
337 _aunmediated
_bn
_2rdamedia
338 _avolume
_bnc
_2rdacarrier
650 4 _aالشفعة -- قانون مدني -- مصر
_915585
999 _aA4435
_c8003
_d8003